[Event "MT_Kubacek"]
[Site "?"]
[Date "2013.??.??"]
[Round "?"]
[White "Smolka, Jan"]
[Black "Pressl, Ladislav"]
[Result "1-0"]
[WhiteElo "2134"]
[BlackElo "1922"]
[PlyCount "45"]
[EventDate "2013.??.??"]
[EventType "corr"]
[EventRounds "2"]
[SourceDate "2010.08.23"]

1. e4 e5 2. Nf3 Nc6 3. Bb5 a6 4. Bxc6 dxc6 5. O-O Bg4 6. h3 Bxf3 7. Qxf3 Nf6 8.
d3 Be7 9. Qg3 O-O 10. Qxe5 Bd6 11. Qc3 Re8 12. Nd2 Be5 13. Qb3 b5 14. Nf3 Bd6
15. Re1 Nd7 16. d4 c5 17. e5 c4 18. Qe3 c5 19. Qf4 Bc7 20. Qg4 cxd4 21. Bg5 Qc8
22. Bh6 g6 23. e6 1-0

[Event "MT_Kubacek"]
[Site "?"]
[Date "2013.??.??"]
[Round "?"]
[White "Goc, Pavel"]
[Black "Svoboda, Josef"]
[Result "1-0"]
[WhiteElo "2142"]
[BlackElo "1898"]
[PlyCount "113"]
[EventDate "2013.??.??"]
[EventType "corr"]
[EventRounds "2"]
[SourceDate "2010.08.23"]

1. d4 Nf6 2. Nf3 e6 3. Bg5 c5 4. e3 Be7 5. Bd3 cxd4 6. exd4 b6 7. c3 Ba6 8. O-O
O-O 9. Qc2 Bxd3 10. Qxd3 d5 11. Nbd2 Nbd7 12. Ne5 Nxe5 13. dxe5 Nd7 14. Bxe7
Qxe7 15. f4 f6 16. exf6 Rxf6 17. Rae1 Qc5+ 18. Re3 Raf8 19. b4 Qc7 20. g3 g5
21. fxg5 Ne5 22. Qe2 Rxf1+ 23. Nxf1 Rf5 24. h4 Ng6 25. Rxe6 Qxc3 26. Re8+ Kg7
27. Qe6 Rxf1+ 28. Kxf1 Qf3+ 29. Ke1 Qxg3+ 30. Kd2 Qf4+ 31. Qe3 Qxh4 32. Ra8
Qxb4+ 33. Qc3+ Qxc3+ 34. Kxc3 Nf4 35. Rxa7+ Kg6 36. Kd4 Kxg5 37. Rxh7 b5 38. a3
Kf6 39. Rh6+ Ke7 40. Ke5 Ne2 41. Kxd5 Kd7 42. Ke5 Nc3 43. Rh3 Na4 44. Kd5 Kc7
45. Rh6 Kb7 46. Kd4 Kc7 47. Kd3 Kb7 48. Kc2 Nc5 49. Kc3 Na6 50. Kd4 Ka7 51. Kd5
Kb7 52. Rd6 b4 53. a4 b3 54. a5 Nc7+ 55. Kc5 Na8 56. Rd3 Nc7 57. Rxb3+ 1-0

[Event "MT_Kubacek"]
[Site "?"]
[Date "2013.??.??"]
[Round "?"]
[White "Fejfar, Vlastimil"]
[Black "Stepan, Josef"]
[Result "1-0"]
[WhiteElo "2167"]
[BlackElo "1859"]
[PlyCount "51"]
[EventDate "2013.??.??"]
[EventType "corr"]
[EventRounds "2"]
[SourceDate "2010.08.23"]

1. e4 d6 2. d4 Nf6 3. Nc3 g6 4. Be3 Bg7 5. Qd2 O-O 6. f3 e5 7. Nge2 exd4 8.
Nxd4 Re8 9. g4 c5 10. Nde2 Nc6 11. O-O-O Re6 12. g5 Ne8 13. Nf4 Re5 14. Nd3 Re7
15. Nd5 Be6 16. Nxe7+ Qxe7 17. Kb1 b5 18. h4 a5 19. h5 Nb4 20. Nc1 c4 21. hxg6
fxg6 22. Bh3 Bf7 23. Bg4 Kh8 24. Qh2 Bg8 25. Ne2 Nxa2 26. Nf4 1-0

[Event "MT_Kubacek"]
[Site "?"]
[Date "2013.??.??"]
[Round "?"]
[White "Urban, Miroslav"]
[Black "Ptacek, Jiri"]
[Result "1-0"]
[WhiteElo "2386"]
[BlackElo "1820"]
[PlyCount "49"]
[EventDate "2013.??.??"]
[EventType "corr"]
[EventRounds "2"]
[SourceDate "2010.08.23"]

1. c4 Nf6 2. Nc3 e6 3. g3 d5 4. Bg2 dxc4 5. Qa4+ Bd7 6. Qxc4 Bc6 7. Nf3 Nbd7 8.
O-O e5 9. Ng5 Nd5 10. Nxf7 N7b6 11. Nxd8 Nxc4 12. Nxc6 bxc6 13. Nxd5 O-O-O 14.
Ne3 Nxe3 15. fxe3 c5 16. d3 Bd6 17. Rf7 g5 18. Bd2 Rdf8 19. Raf1 Rxf7 20. Rxf7
h5 21. Bc6 Kd8 22. e4 g4 23. Bg5+ Kc8 24. Bf6 Rg8 25. Rh7 1-0

[Event "MT_Kubacek"]
[Site "?"]
[Date "2013.??.??"]
[Round "?"]
[White "Lucan, Zdenko"]
[Black "Vins, Karel"]
[Result "1/2-1/2"]
[WhiteElo "1593"]
[BlackElo "1774"]
[PlyCount "67"]
[EventDate "2013.??.??"]
[EventType "corr"]
[EventRounds "2"]
[SourceDate "2010.08.23"]

1. e4 e5 2. f4 exf4 3. Nf3 g5 4. h4 g4 5. Ne5 h5 6. d4 d6 7. Nd3 d5 8. e5 Bh6
9. Bxf4 Bxf4 10. Nxf4 Bf5 11. g3 Ne7 12. Nc3 c6 13. Qe2 Na6 14. a3 Nc7 15. Qd2
Ne6 16. Nxe6 fxe6 17. Bd3 Kd7 18. Bxf5 Nxf5 19. Qf4 Qe7 20. Ne2 Raf8 21. O-O-O
Nxh4 22. Qd2 Nf5 23. c3 Kc8 24. Rdg1 Ng7 25. Nf4 Qf7 26. Qd3 Nf5 27. Rf1 Qe8
28. Ng2 Rf7 29. Nh4 Nxh4 30. gxh4 Rg8 31. Rf6 Rfg7 32. Qg3 Kd7 33. Rhf1 Rh8 34.
b4 1/2-1/2

[Event "MT_Kubacek"]
[Site "?"]
[Date "2013.??.??"]
[Round "?"]
[White "Vins, Karel"]
[Black "Urban, Miroslav"]
[Result "0-1"]
[WhiteElo "1774"]
[BlackElo "2386"]
[PlyCount "54"]
[EventDate "2013.??.??"]
[EventType "corr"]
[EventRounds "2"]
[SourceDate "2010.08.23"]

1. e4 c5 2. Nf3 d6 3. d4 cxd4 4. Nxd4 Nf6 5. Nc3 a6 6. Bd3 e5 7. Nf3 Be7 8. O-O
Be6 9. Be3 O-O 10. h3 h6 11. a3 Nbd7 12. Qd2 Rc8 13. Rac1 Nb6 14. Nh2 Nc4 15.
Bxc4 Rxc4 16. f3 d5 17. exd5 Nxd5 18. Nxd5 Bxd5 19. Rfd1 Qc7 20. c3 Be6 21. Qf2
f5 22. Nf1 f4 23. Bb6 Qc6 24. Nd2 Rc5 25. Bxc5 Bxc5 26. Ne4 Bxf2+ 27. Nxf2 Qb6
0-1

[Event "MT_Kubacek"]
[Site "?"]
[Date "2013.??.??"]
[Round "?"]
[White "Ptacek, Jiri"]
[Black "Fejfar, Vlastimil"]
[Result "0-1"]
[WhiteElo "1820"]
[BlackElo "2167"]
[PlyCount "40"]
[EventDate "2013.??.??"]
[EventType "corr"]
[EventRounds "2"]
[SourceDate "2010.08.23"]

1. c4 e5 2. Nc3 Nc6 3. g3 f5 4. e3 Nf6 5. d3 d5 6. cxd5 Nxd5 7. Bg2 Ndb4 8.
Bxc6+ bxc6 9. d4 exd4 10. exd4 Ba6 11. Nge2 Nd3+ 12. Kf1 Rb8 13. b3 Bb4 14. Kg2
O-O 15. a3 Bxc3 16. Nxc3 f4 17. Bxf4 Qxd4 18. Qd2 Nxf4+ 19. Qxf4 Rxf4 20. gxf4
Qxf4 0-1

[Event "MT_Kubacek"]
[Site "?"]
[Date "2013.??.??"]
[Round "?"]
[White "Stepan, Josef"]
[Black "Goc, Pavel"]
[Result "0-1"]
[WhiteElo "1859"]
[BlackElo "2142"]
[PlyCount "52"]
[EventDate "2013.??.??"]
[EventType "corr"]
[EventRounds "2"]
[SourceDate "2010.08.23"]

1. f4 d5 2. e3 c5 3. b3 Nf6 4. Bb2 e6 5. Nf3 Be7 6. Bd3 O-O 7. O-O b6 8. Nc3
Bb7 9. Ne2 Nc6 10. Ng3 Qc7 11. Ne5 Rfd8 12. Nh5 d4 13. Nxf6+ Bxf6 14. Ng4 Be7
15. a3 a5 16. Qe2 a4 17. Be4 axb3 18. cxb3 Na5 19. Bxb7 Qxb7 20. Qb5 Qa6 21.
Qxa6 Rxa6 22. Ne5 Nxb3 23. Nc6 Nxa1 24. Nxd8 Nb3 25. Nc6 Bf6 26. Rd1 d3 0-1

[Event "MT_Kubacek"]
[Site "?"]
[Date "2013.??.??"]
[Round "?"]
[White "Svoboda, Josef"]
[Black "Smolka, Jan"]
[Result "0-1"]
[WhiteElo "1898"]
[BlackElo "2134"]
[PlyCount "74"]
[EventDate "2013.??.??"]
[EventType "corr"]
[EventRounds "2"]
[SourceDate "2010.08.23"]

1. e4 e5 2. Nf3 Nc6 3. Bb5 a6 4. Ba4 Nf6 5. O-O Be7 6. Re1 b5 7. Bb3 O-O 8. Nc3
d6 9. d3 Na5 10. Nd2 c6 11. h3 Kh8 12. a3 Nxb3 13. Nxb3 Qc7 14. Bg5 h6 15. Bh4
Be6 16. d4 a5 17. d5 cxd5 18. exd5 Bd7 19. Nd2 b4 20. Bxf6 Bxf6 21. Nce4 Be7
22. Nf3 f5 23. Ng3 Rab8 24. axb4 Rxb4 25. b3 Rc8 26. Rc1 a4 27. bxa4 Rxa4 28.
c3 Qa7 29. Qb3 Rb8 30. Qd1 Rb2 31. Re2 Raa2 32. Rxb2 Rxb2 33. Qf1 Qc5 34. c4 e4
35. Ne1 Bg5 36. Rc2 Rb1 37. Qe2 Qb4 0-1

[Event "MT_Kubacek"]
[Site "?"]
[Date "2013.??.??"]
[Round "?"]
[White "Pressl, Ladislav"]
[Black "Kyzlink, Vladimir"]
[Result "0-1"]
[WhiteElo "1922"]
[BlackElo "1923"]
[PlyCount "68"]
[EventDate "2013.??.??"]
[EventType "corr"]
[EventRounds "2"]
[SourceDate "2010.08.23"]

1. d4 Nf6 2. c4 c5 3. d5 e6 4. Bg5 exd5 5. cxd5 d6 6. Nc3 Be7 7. Nf3 O-O 8. e4
h6 9. Bf4 a6 10. a4 b6 11. Be2 Re8 12. O-O Bf8 13. Qc2 Nbd7 14. Rac1 Qe7 15.
Rfe1 g5 16. Nxg5 hxg5 17. Bxg5 Qd8 18. Bh4 Bh6 19. Rcd1 Nf8 20. f3 Bf4 21. g3
Be3+ 22. Kh1 Bf2 23. Rf1 Bd4 24. f4 Qe7 25. Bf3 Ng6 26. Bxf6 Qxf6 27. Bg2 Bd7
28. Rde1 Qg7 29. h3 b5 30. axb5 axb5 31. Ra1 b4 32. Rxa8 Rxa8 33. Nd1 Ra1 34.
Kh2 Bb5 0-1

[Event "MT_Kubacek"]
[Site "?"]
[Date "2013.??.??"]
[Round "?"]
[White "Kyzlink, Vladimir"]
[Black "Svoboda, Josef"]
[Result "0-1"]
[WhiteElo "1923"]
[BlackElo "1898"]
[PlyCount "64"]
[EventDate "2013.??.??"]
[EventType "corr"]
[EventRounds "2"]
[SourceDate "2010.08.23"]

1. e4 e5 2. Nf3 Nf6 3. d4 Nxe4 4. Bd3 d5 5. Nxe5 Nd7 6. Nxd7 Bxd7 7. O-O Qh4 8.
c4 O-O-O 9. c5 Be7 10. Nc3 Nxc3 11. bxc3 Bg4 12. Qa4 Kb8 13. Rb1 Bc8 14. Ba6
Bxc5 15. Qc6 Bb6 16. Bxb7 Bxb7 17. Qb5 Rhe8 18. Ba3 Qe4 19. Rb2 h5 20. Bc5 Re6
21. a4 h4 22. h3 Rg6 23. f3 Qe3+ 24. Kh1 Qxc3 25. Rfb1 Re6 26. Kh2 Bc6 27. Qa6
Bb7 28. Qb5 Re1 29. Rxe1 Qxe1 30. Rb1 Qc3 31. Rb3 Qd2 32. Bb4 Qf4+ 0-1

[Event "MT_Kubacek"]
[Site "?"]
[Date "2013.??.??"]
[Round "?"]
[White "Smolka, Jan"]
[Black "Stepan, Josef"]
[Result "1/2-1/2"]
[WhiteElo "2134"]
[BlackElo "1859"]
[PlyCount "92"]
[EventDate "2013.??.??"]
[EventType "corr"]
[EventRounds "2"]
[SourceDate "2010.08.23"]

1. e4 d6 2. d4 Nf6 3. Nc3 g6 4. Nf3 Bg7 5. Be2 O-O 6. O-O c6 7. h3 b5 8. e5 Ne8
9. Ne4 Bf5 10. Ng3 Be6 11. a4 b4 12. c4 bxc3 13. bxc3 Bd5 14. Re1 Nd7 15. Bf4
dxe5 16. Nxe5 Nxe5 17. Bxe5 Bxe5 18. dxe5 Qa5 19. Qd4 Ng7 20. c4 Be6 21. Ne4
Nf5 22. Qc5 Qxc5 23. Nxc5 Nd4 24. Bd3 Rab8 25. Rab1 Rfd8 26. Red1 Bf5 27. Rxb8
Rxb8 28. Bxf5 Nxf5 29. Rd7 Rb4 30. Rxa7 Rxc4 31. Nb3 e6 32. a5 Nd4 33. Nxd4
Rxd4 34. a6 Ra4 35. f3 c5 36. Kf2 h5 37. Ra8+ Kg7 38. Ke2 Kh7 39. Kd3 Kg7 40.
Kc3 Kh7 41. Kb3 Ra5 42. h4 Kg7 43. Kc4 Kh7 44. a7 Kg7 45. Kc3 Kh7 46. Kb3 Kg7
1/2-1/2

[Event "MT_Kubacek"]
[Site "?"]
[Date "2013.??.??"]
[Round "?"]
[White "Goc, Pavel"]
[Black "Ptacek, Jiri"]
[Result "1-0"]
[WhiteElo "2142"]
[BlackElo "1820"]
[PlyCount "73"]
[EventDate "2013.??.??"]
[EventType "corr"]
[EventRounds "2"]
[SourceDate "2010.08.23"]

1. e4 c5 2. Nf3 d6 3. d4 cxd4 4. Nxd4 Nf6 5. Nc3 a6 6. Bg5 e6 7. f4 Be7 8. Qf3
Ng8 9. Bxe7 Nxe7 10. O-O-O O-O 11. g4 Qc7 12. Bg2 Nbc6 13. h4 Nxd4 14. Rxd4 e5
15. Rdd1 exf4 16. Qxf4 Rd8 17. h5 Be6 18. h6 Ng6 19. Qd2 gxh6 20. Rxh6 f6 21.
Rdh1 Rd7 22. Nd5 Bxd5 23. Qxd5+ Kf8 24. Rxg6 hxg6 25. Rh8+ Ke7 26. Rxa8 Rd8 27.
Rxd8 Kxd8 28. Qg8+ Kd7 29. Qf7+ Kc8 30. Qxf6 Qb6 31. Kd2 Qg1 32. Bf3 Qf2+ 33.
Kd3 Qf1+ 34. Kd4 Qf2+ 35. Kd5 Qc5+ 36. Ke6 Qc4+ 37. Ke7 1-0

[Event "MT_Kubacek"]
[Site "?"]
[Date "2013.??.??"]
[Round "?"]
[White "Fejfar, Vlastimil"]
[Black "Vins, Karel"]
[Result "1-0"]
[WhiteElo "2167"]
[BlackElo "1774"]
[PlyCount "33"]
[EventDate "2013.??.??"]
[EventType "corr"]
[EventRounds "2"]
[SourceDate "2010.08.23"]

1. e4 e5 2. f4 exf4 3. Nf3 g5 4. Bc4 Bg7 5. O-O d6 6. d4 h6 7. g3 g4 8. Nh4 f3
9. Nc3 c6 10. Be3 Bf6 11. Qe1 Bxh4 12. gxh4 Qe7 13. Bf4 Be6 14. d5 Bd7 15. e5
dxe5 16. d6 Qe6 17. Bxe6 1-0

[Event "MT_Kubacek"]
[Site "?"]
[Date "2013.??.??"]
[Round "?"]
[White "Urban, Miroslav"]
[Black "Lucan, Zdenko"]
[Result "1-0"]
[WhiteElo "2386"]
[BlackElo "1593"]
[PlyCount "69"]
[EventDate "2013.??.??"]
[EventType "corr"]
[EventRounds "2"]
[SourceDate "2010.08.23"]

1. c4 c5 2. Nf3 d6 3. d4 cxd4 4. Nxd4 Nf6 5. Nc3 e5 6. Nc2 Be7 7. g3 Nc6 8. Bg2
Bd7 9. O-O O-O 10. b3 Rb8 11. Qd3 g6 12. Nd5 Nxd5 13. cxd5 Nd4 14. Nxd4 exd4
15. Bb2 Bf6 16. Bxd4 Bxd4 17. Qxd4 b6 18. e4 Qe7 19. Rfe1 Qe5 20. Qd2 Rbc8 21.
f4 Qc3 22. Qxc3 Rxc3 23. e5 dxe5 24. fxe5 a5 25. Rad1 Re8 26. d6 g5 27. Bd5 Be6
28. Bxe6 fxe6 29. Rc1 Rec8 30. Rxc3 Rxc3 31. Rd1 Kf7 32. d7 Ke7 33. d8=Q+ Kf7
34. Qf6+ Kg8 35. Rd8# 1-0